Automobiles that begin with T - Statistics

General Stats
  • This quiz has been taken 20 times
  • The average score is 13 of 39
Answer Stats
Manufacturer Type Answer % Correct
Toyota Pickup truck Tacoma
80%
Ford Full-size car Taurus
73%
Volkswagen Compact crossover Tiguan
73%
Toyota Pickup truck Tundra
73%
Chevrolet Full-size SUV Tahoe
67%
Eagle Sport compact car Talon
60%
Ferrari Sports car/Grand tourer Testarossa
60%
Audi Sports car TT
60%
Nissan Pickup truck Titan
53%
Acura Compact executive car TSX
47%
Ford Personal luxury car Thunderbird
40%
Acura Mid-size luxury car TL
40%
Acura Entry-level luxury car TLX
40%
Volkswagen Mid-size luxury crossover Touareg
40%
Chrysler Minivan Town & Country
40%
Hyundai Compact crossover Tucson
40%
Kia Mid-size crossover Telluride
33%
Toyota Subcompact car Tercel
33%
Chevrolet Mid-size SUV Trailblazer
33%
Ford Van Transit
33%
Pontiac Muscle car Tempest
27%
GMC Compact crossover Terrain
27%
Volkswagen Van Transporter
27%
Pontiac Minivan Trans Sport
27%
GMC Mid-size SUV Typhoon
27%
Opel Sport compact Tigra
20%
Holden Muscle car Torana
20%
Lincoln Full-size luxury car Town Car
20%
Chevrolet Full-size crossover Traverse
20%
Chevrolet Compact crossover Trax
20%
Buick Minivan Terraza
13%
Oldsmobile Full-size personal luxury car Tornado
13%
Pontiac Mid-size crossover Torrent
13%
Isuzu Full-size SUV Trooper
13%
Ford Muscle car Torino
7%
Mercury Compact car Tracer
7%
Subaru Mid-size crossover Tribeca
7%
Mitsubishi Pickup Truck Triton
7%
Mazda Compact crossover Tribute
0%
No matching quizzes found
Score Distribution
Percent of People with Each Score
Percentile by Number Answered
Your Score History
You have not taken this quiz